| 000 | 00391nam a2200145Ia 4500 | ||
|---|---|---|---|
| 008 | 230312s9999||||xx |||||||||||||| ||und|| | ||
| 020 | _a9781119077152 | ||
| 082 |
_a005.54 _bHAR-E |
||
| 100 | _aSeries,Cashman,Shelly | ||
| 245 | 0 | _aMicrosoft Office 365 : Office 2016 : introductory | |
| 260 |
_bWiley _aUSA _c2016 |
||
| 300 | _a796 | ||
| 650 |
_aEngineering _vComputer Programs |
||
| 942 | _cBK | ||
| 999 |
_c17480 _d17480 |
||